Statistics for Famous Classical Musicians

Click here to take the quiz!

General Stats

  • This quiz has been taken 118 times
  • The average score is 16 of 30

Answer Stats

Answer% Correct
Mozart
96%
Bach
90%
Chopin
80%
Liszt
77%
Schubert
76%
Vivaldi
76%
Beethoven
75%
Schumann
70%
Debussy
68%
Wagner
68%
Haydn
65%
Ravel
62%
Grieg
61%
Stravinsky
61%
Brahms
57%
Mahler
57%
Verdi
57%
Dvorak
54%
Mendelssohn
54%
Shostakovich
54%
Rimsky-Korsakov
45%
Prokofiev
43%
Sibelius
43%
Strauss
38%
Mussorgsky
36%
Scriabin
23%
Tchaikovski
23%
Satie
21%
Czerny
4%
Cziffra
3%

Score Distribution

Percentile by Number Answered

Percent of People with Each Score

Your Score History

You have not taken this quiz